Blended learning
Pojem blended learning je v zahraničí aktuálny a veľmi diskutovaný a jeho nástup je spojený predovšetkým s prekonávaním určitého rozčarovania a snáď i s krízou e-learningu, ktorá sa väčšinou pre Európu datuje do roku 2000. Blended learning a kombinovaná výučba. Vymedzenie pojmu blended learning ako...
Uložené v:
| Hlavný autor: | |
|---|---|
| Médium: | Kapitola |
| Jazyk: | Czech |
| Predmet: | |
| Tagy: |
Žiadne tagy, Buďte prvý, kto otaguje tento záznam!
|
MARC
| LEADER | 00000naa$a2200000$$$4500 | ||
|---|---|---|---|
| 001 | 0024283 | ||
| 005 | 20230919104140.2 | ||
| 041 | 0 | |a cze | |
| 044 | |a CZ | ||
| 245 | 1 | 0 | |a Blended learning |c Ludvík Eger |
| 520 | |a Pojem blended learning je v zahraničí aktuálny a veľmi diskutovaný a jeho nástup je spojený predovšetkým s prekonávaním určitého rozčarovania a snáď i s krízou e-learningu, ktorá sa väčšinou pre Európu datuje do roku 2000. Blended learning a kombinovaná výučba. Vymedzenie pojmu blended learning ako kombinácie e-learningu a prezenčných foriem štúdia. | ||
| 610 | 2 | 0 | |a vzdelávanie elektronické |
| 610 | 2 | 0 | |a pojmy |
| 610 | 2 | 0 | |a blended learning |
| 610 | 2 | 0 | |a vzdelávanie |
| 100 | 1 | |a Eger, Ludvík | |